Statistics for Guess the country by a part of a flag Impossible

Click here to take the quiz!

General Stats

  • This quiz has been taken 44 times
  • The average score is 3 of 16

Answer Stats

Answer% Correct
South africa
54%
Micronesia
46%
Tuvalu
39%
Mauritius
29%
Singapore
21%
Tajikistan
21%
Tonga
21%
Iraq
18%
Thailand
18%
Libya
14%
Norway
14%
Paraguay
11%
Cameroon
7%
Canada
7%
Chile
7%
Serbia
7%

Score Distribution

Percentile by Number Answered

Percent of People with Each Score

Your Score History

You have not taken this quiz